[Event "CAN/Quebec op"]
[Site "Montreal CAN"]
[Date "2008.07.20"]
[Round "2"]
[White "Huzman, Alexander"]
[Black "Bartholomew, John"]
[Result "1-0"]
[WhiteElo "2589"]
[BlackElo "2440"]
[PlyCount "145"]
[GameId "2160767910345176"]
[EventDate "2008.07.19"]
[EventType "swiss"]
[EventRounds "9"]
[EventCountry "CAN"]
[SourceTitle "CBM 125 Extra"]
[Source "ChessBase"]
[SourceDate "2008.09.01"]
[SourceVersion "1"]
[SourceVersionDate "2008.09.01"]
[SourceQuality "1"]

1. Nf3 Nf6 2. c4 c6 3. d4 d5 4. Nc3 a6 5. a4 e6 6. Bg5 Nbd7 7. cxd5 exd5 8. e3 Be7 9. Bd3 O-O 10. Qc2 Re8 11. O-O Nf8 12. h3 g6 13. Ne5 N6d7 14. Bxe7 Qxe7 15. f4 f6 16. Ng4 f5 17. Ne5 Nxe5 18. fxe5 a5 19. Ne2 Ne6 20. Nf4 Nxf4 21. exf4 Be6 22. Rfc1 Rec8 23. Ra3 Qb4 24. Qf2 Rc7 25. Rcc3 Qb6 26. Rc5 Qa7 27. Rac3 Rac8 28. Rc1 b6 29. R5c3 c5 30. Bb5 cxd4 31. Qxd4 Rc5 32. Kh2 Qe7 33. Be2 Kg7 34. Bf3 R8c6 35. Rd1 Qc7 36. Rxc5 Rxc5 37. b3 b5 38. axb5 Rxb5 39. Qf2 Qe7 40. Rd3 Rc5 41. Qd2 Qb7 42. Qf2 Qe7 43. Rd4 Rb5 44. Ra4 Rc5 45. Qd2 Qc7 46. Rd4 Qb7 47. b4 axb4 48. Rxb4 Rb5 49. Rd4 Rb2 50. Qc3 Rb5 51. Qa3 Rb3 52. Qc5 Rb5 53. Qd6 Qf7 54. Ra4 Rb7 55. Ra6 Re7 56. Rc6 h6 57. h4 h5 58. Qc5 Rd7 59. Qb6 Rb7 60. Qa5 Ra7 61. Qc3 Rd7 62. Qd4 Qe7 63. Kg3 Qf7 64. Qb6 Rb7 65. Qc5 Rd7 66. Rd6 Rxd6 67. exd6 Qb7 68. Qc7+ Qxc7 69. dxc7 Kf6 70. Bxd5 Bc8 71. Kf2 Ke7 72. Ke3 Kd6 73. Kd4 1-0

[Event "CAN/Quebec op"]
[Site "Montreal CAN"]
[Date "2008.07.20"]
[Round "2"]
[White "Jiang, Louie"]
[Black "Yap, Nicolas A"]
[Result "1-0"]
[WhiteElo "2135"]
[BlackElo "2279"]
[PlyCount "143"]
[GameId "2160767910345177"]
[EventDate "2008.07.19"]
[EventType "swiss"]
[EventRounds "9"]
[EventCountry "CAN"]
[SourceTitle "EXT 2009"]
[Source "ChessBase"]
[SourceDate "2008.11.26"]
[SourceVersion "1"]
[SourceVersionDate "2008.11.26"]
[SourceQuality "1"]

1. e4 c5 2. Nf3 d6 3. d4 cxd4 4. Nxd4 Nf6 5. Nc3 a6 6. Be3 e5 7. Nf3 Be7 8. Bc4 O-O 9. O-O Be6 10. Bb3 Nc6 11. Bg5 Nd7 12. Bxe7 Qxe7 13. Nd5 Qd8 14. c3 Na5 15. Re1 Rc8 16. h3 b5 17. Re2 Nc5 18. Nd2 Kh8 19. Nf1 Nc4 20. Nfe3 Nxe3 21. Rxe3 a5 22. Bc2 Bxd5 23. Qxd5 Qb6 24. Rd1 Rcd8 25. Rf3 Ne6 26. Qd2 b4 27. Rd3 bxc3 28. bxc3 Qc7 29. Rxd6 Rc8 30. Bb3 Nc5 31. Bc2 Ne6 32. Rd3 Nf4 33. Re3 Qe7 34. Bb3 Rfd8 35. Qe1 Rf8 36. Qf1 Qa7 37. g3 Ng6 38. Qb5 Rb8 39. Qd7 Rb7 40. Qd5 Rc7 41. Ba4 Qb6 42. Qd6 Qa7 43. Bb5 Rcc8 44. a4 f6 45. Qa3 Qb6 46. Rd6 Qb8 47. c4 Ne7 48. Re6 Ng8 49. c5 f5 50. exf5 Rxf5 51. c6 Qc7 52. Qc5 Rcf8 53. R3xe5 Rxf2 54. Qxf2 Rxf2 55. Kxf2 g6 56. Kg2 Kg7 57. Rd5 Kh6 58. Rd7 Qb6 59. Re2 Nf6 60. Rdd2 Qc7 61. Re3 Qb6 62. Re7 Qc5 63. c7 Nd5 64. Re5 Qxc7 65. Rexd5 Qc3 66. Rd7 Qb4 67. Kh2 Qc5 68. R7d5 Qb4 69. R5d4 Qc3 70. Bf1 Qa1 71. Rh4+ Kg7 72. Rd7+ 1-0

[Event "CAN/Quebec op"]
[Site "Montreal CAN"]
[Date "2008.07.20"]
[Round "2"]
[White "Karavade, Eesha"]
[Black "Cornette, Matthieu"]
[Result "1/2-1/2"]
[WhiteElo "2297"]
[BlackElo "2521"]
[PlyCount "89"]
[GameId "2160767910345178"]
[EventDate "2008.07.19"]
[EventType "swiss"]
[EventRounds "9"]
[EventCountry "CAN"]
[SourceTitle "CBM 125 Extra"]
[Source "ChessBase"]
[SourceDate "2008.09.01"]
[SourceVersion "1"]
[SourceVersionDate "2008.09.01"]
[SourceQuality "1"]

1. d4 Nf6 2. c4 e6 3. Nf3 d5 4. Nc3 dxc4 5. Qa4+ c6 6. Qxc4 b5 7. Qd3 Nbd7 8. e4 Qa5 9. e5 b4 10. Ne4 Nxe4 11. Qxe4 b3+ 12. Bd2 Qxa2 13. Rb1 Ba6 14. Bd3 Bxd3 15. Qxd3 Qa4 16. Ke2 Qb5 17. Qxb5 cxb5 18. Ba5 Nb6 19. Bxb6 axb6 20. Ra1 Ra4 21. Kd3 Be7 22. Nd2 O-O 23. Rhc1 Bg5 24. Rxa4 bxa4 25. Rc6 Rb8 26. Ne4 Be7 27. Rc7 Kf8 28. Ra7 b5 29. f4 Ke8 30. Nc3 Bb4 31. f5 Bxc3 32. Kxc3 Rd8 33. fxe6 fxe6 34. Rb7 Rc8+ 35. Kb4 Rc2 36. Kxb5 a3 37. bxa3 b2 38. Ka6 Rxg2 39. h4 g6 40. a4 Rc2 41. Rb3 Kd7 42. Kb7 Rc7+ 43. Kb8 Rc8+ 44. Kb7 Rc7+ 45. Kb8 1/2-1/2

[Event "CAN/Quebec op"]
[Site "Montreal CAN"]
[Date "2008.07.20"]
[Round "2"]
[White "Kiran, Manisha Mohanty"]
[Black "Doubleday, William"]
[Result "1-0"]
[WhiteElo "2261"]
[BlackElo "2125"]
[PlyCount "81"]
[GameId "2160767910345179"]
[EventDate "2008.07.19"]
[EventType "swiss"]
[EventRounds "9"]
[EventCountry "CAN"]
[SourceTitle "CBM 125 Extra"]
[Source "ChessBase"]
[SourceDate "2008.09.01"]
[SourceVersion "1"]
[SourceVersionDate "2008.09.01"]
[SourceQuality "1"]

1. e4 c5 2. Nf3 Nc6 3. d4 cxd4 4. Nxd4 Nf6 5. Nc3 d6 6. Bg5 e6 7. Qd2 h6 8. Bxf6 gxf6 9. O-O-O a6 10. f4 Qb6 11. Nb3 h5 12. Kb1 Bd7 13. Qe1 h4 14. Be2 Rc8 15. Rf1 h3 16. g3 Na5 17. Rf3 Nxb3 18. axb3 Qc5 19. Bd3 b5 20. f5 Be7 21. fxe6 fxe6 22. e5 Qxe5 23. Re3 Qh5 24. g4 Qxg4 25. Nd5 Rc5 26. Rg3 Qxd1+ 27. Qxd1 Rxd5 28. Rg7 f5 29. Qg1 Bf8 30. Qg6+ Kd8 31. Qf6+ Kc7 32. Rxd7+ Kxd7 33. Qxh8 Be7 34. Qxh3 a5 35. Qg3 b4 36. h4 Rd4 37. Bb5+ Kc7 38. Qg7 Rd1+ 39. Ka2 Kb6 40. Qxe7 Kxb5 41. Qxe6 1-0

[Event "CAN/Quebec op"]
[Site "Montreal CAN"]
[Date "2008.07.20"]
[Round "2"]
[White "Komarov, Dimitri"]
[Black "Mulyar, Michael"]
[Result "1-0"]
[WhiteElo "2536"]
[BlackElo "2382"]
[PlyCount "147"]
[GameId "2160767910345180"]
[EventDate "2008.07.19"]
[EventType "swiss"]
[EventRounds "9"]
[EventCountry "CAN"]
[SourceTitle "CBM 125 Extra"]
[Source "ChessBase"]
[SourceDate "2008.09.01"]
[SourceVersion "1"]
[SourceVersionDate "2008.09.01"]
[SourceQuality "1"]

1. d4 d5 2. c4 c6 3. Nf3 Nf6 4. e3 Bg4 5. h3 Bxf3 6. Qxf3 e6 7. Bd3 Bb4+ 8. Nd2 Nbd7 9. O-O O-O 10. Qd1 e5 11. cxd5 cxd5 12. dxe5 Nxe5 13. Nf3 Nxd3 14. Qxd3 Ne4 15. Rd1 Qb6 16. Qb3 Rfd8 17. Bd2 Bc5 18. Qxb6 Bxb6 19. Be1 Rac8 20. Rac1 h6 21. Kf1 Rc6 22. a4 Rxc1 23. Rxc1 Nc5 24. Ra1 Ne6 25. a5 Bc5 26. Rd1 Kf8 27. Bc3 a6 28. Ke2 Ke8 29. g4 f6 30. h4 Be7 31. Nd4 Nxd4+ 32. Rxd4 Kf7 33. h5 Bc5 34. Rd1 Ke6 35. Rc1 Bd6 36. Bd4 Kd7 37. Kd3 Re8 38. f3 Be5 39. Rc5 Kd6 40. b4 Ke6 41. Rc1 Kd7 42. b5 axb5 43. Rc5 Bd6 44. Rxb5 Kc6 45. Rb6+ Kc7 46. Rb5 Kc6 47. Rb6+ Kc7 48. Rb1 Be5 49. Rb5 Kc6 50. Rb6+ Kc7 51. Bc5 Kc8 52. Rb5 Bc7 53. f4 Kd7 54. Rxb7 Kc6 55. a6 Ra8 56. Ba7 Kd6 57. Bb6 Rxa6 58. Rxc7 Rxb6 59. Rxg7 Rb3+ 60. Ke2 Rb2+ 61. Kf3 Rb3 62. Ke2 Rb2+ 63. Kf3 Rb3 64. Rg6 Ke7 65. Ke2 Rb2+ 66. Kd3 Rg2 67. Kd4 Rd2+ 68. Kc5 Rd3 69. Rxh6 Rxe3 70. Kxd5 f5 71. g5 Re4 72. Rh7+ Kf8 73. g6 Rxf4 74. h6 1-0

[Event "CAN/Quebec op"]
[Site "Montreal CAN"]
[Date "2008.07.20"]
[Round "2"]
[White "Kunte, Abhijit"]
[Black "Drolet, Stephane"]
[Result "1-0"]
[WhiteElo "2554"]
[BlackElo "2131"]
[PlyCount "65"]
[GameId "2160767910345181"]
[EventDate "2008.07.19"]
[EventType "swiss"]
[EventRounds "9"]
[EventCountry "CAN"]

1. d4 d5 2. c4 c6 3. Nc3 Nf6 4. e3 a6 5. Nf3 b5 6. c5 g6 7. Bd2 a5 8. Bd3 Bf5 9. Bxf5 gxf5 10. Ne5 e6 11. f3 Bg7 12. Qc2 Nfd7 13. Nd3 O-O 14. Ne2 Nf6 15. h3 Nbd7 16. g4 Ne8 17. O-O-O f4 18. Ndxf4 b4 19. Nh5 Bh8 20. e4 b3 21. axb3 Nc7 22. e5 Na6 23. g5 Nb4 24. Bxb4 axb4 25. Rhg1 Re8 26. Nf6+ Bxf6 27. gxf6+ Kh8 28. Rg7 Nf8 29. Qd2 Ra1+ 30. Kc2 Rxd1 31. Kxd1 Qa8 32. Qg5 Ng6 33. Qh6 1-0

[Event "CAN/Quebec op"]
[Site "Montreal CAN"]
[Date "2008.07.20"]
[Round "2"]
[White "Lachaux, Jerome"]
[Black "Chabot, Roland"]
[Result "0-1"]
[WhiteElo "2075"]
[BlackElo "2235"]
[PlyCount "136"]
[GameId "2160767910345182"]
[EventDate "2008.07.19"]
[EventType "swiss"]
[EventRounds "9"]
[EventCountry "CAN"]
[SourceTitle "CBM 125 Extra"]
[Source "ChessBase"]
[SourceDate "2008.09.01"]
[SourceVersion "1"]
[SourceVersionDate "2008.09.01"]
[SourceQuality "1"]

1. e4 c5 2. d4 cxd4 3. c3 Nf6 4. e5 Nd5 5. Nf3 e6 6. Bc4 d6 7. exd6 Qxd6 8. O-O Nc6 9. Re1 Be7 10. cxd4 O-O 11. Nc3 Nxc3 12. bxc3 b6 13. a4 Bb7 14. Qd3 Na5 15. Ba2 Rac8 16. Ne5 Bd5 17. c4 Ba8 18. Bf4 Qd8 19. Rad1 Nc6 20. Bb1 g6 21. Qe3 Nxe5 22. Qxe5 Bf6 23. Qb5 Bc6 24. Qb3 Qd7 25. Bc2 Rfe8 26. Be5 Bxe5 27. Rxe5 Bb7 28. Re3 Qc6 29. Be4 Qc7 30. Bxb7 Qxb7 31. a5 Qc6 32. axb6 axb6 33. Rc3 Red8 34. h3 Rd6 35. Rc2 Qd7 36. Qe3 Qa4 37. Qe2 Rdc6 38. Rdc1 Rd8 39. Qe4 Rcd6 40. Rd2 Qa3 41. Rcd1 Qb4 42. Rc2 h5 43. Qe3 Qa4 44. Qc3 Qd7 45. Rcd2 Qc7 46. Qb4 Qe7 47. Qb5 Qf6 48. c5 bxc5 49. Qxc5 Rd5 50. Qc3 R8d7 51. Qe3 Qd8 52. f4 Qb6 53. Qe4 Qb3 54. Rd3 Qb6 55. R3d2 Qd8 56. g3 Kg7 57. Kf2 Qb6 58. g4 hxg4 59. hxg4 f6 60. Ke3 e5 61. f5 exd4+ 62. Kf3 g5 63. Qe8 Qd6 64. Qg6+ Kf8 65. Qh6+ Ke7 66. Qh7+ Kd8 67. Qh8+ Kc7 68. Rc2+ Rc5 0-1

[Event "CAN/Quebec op"]
[Site "Montreal CAN"]
[Date "2008.07.20"]
[Round "2"]
[White "Masse, Hugues"]
[Black "Swathi, Ghate"]
[Result "0-1"]
[WhiteElo "2149"]
[BlackElo "2351"]
[PlyCount "96"]
[GameId "2160767910345183"]
[EventDate "2008.07.19"]
[EventType "swiss"]
[EventRounds "9"]
[EventCountry "CAN"]

1. d4 d5 2. c4 c6 3. Nf3 Nf6 4. Nc3 a6 5. c5 Nbd7 6. Bf4 Nh5 7. Bd2 Nhf6 8. Bf4 Nh5 9. Bd2 Qc7 10. e4 dxe4 11. Nxe4 Ndf6 12. Nxf6+ Nxf6 13. Bc4 Bf5 14. O-O e6 15. Qe2 Be7 16. Ne5 h6 17. g4 Be4 18. f3 Bd5 19. Bd3 Qd8 20. b4 Nd7 21. Bc3 Nxe5 22. dxe5 b6 23. cxb6 Qxb6+ 24. Kg2 O-O 25. a3 Bg5 26. Rad1 Rfc8 27. Bd4 Qb7 28. Kg1 a5 29. Rb1 axb4 30. axb4 Ra2 31. Rb2 Rxb2 32. Qxb2 Be7 33. b5 c5 34. Be3 c4 35. Be2 Bc5 36. Bxc5 Rxc5 37. b6 Rc6 38. Rb1 c3 39. Qb5 c2 40. Rc1 Rxb6 41. Qe8+ Kh7 42. Bd3+ g6 43. Rxc2 Rc6 44. Rf2 Rc8 45. Qb5 Qa7 46. Qa6 Rc1+ 47. Kg2 Qd4 48. Qa3 Qxg4# 0-1

[Event "CAN/Quebec op"]
[Site "Montreal CAN"]
[Date "2008.07.20"]
[Round "2"]
[White "Mikhalevski, Victor"]
[Black "Venkatesh, Marani Rajendran"]
[Result "1-0"]
[WhiteElo "2592"]
[BlackElo "2462"]
[PlyCount "89"]
[GameId "2160767910345184"]
[EventDate "2008.07.19"]
[EventType "swiss"]
[EventRounds "9"]
[EventCountry "CAN"]
[SourceTitle "CBM 125 Extra"]
[Source "ChessBase"]
[SourceDate "2008.09.01"]
[SourceVersion "1"]
[SourceVersionDate "2008.09.01"]
[SourceQuality "1"]

1. d4 Nf6 2. c4 e6 3. g3 d5 4. Bg2 dxc4 5. Nf3 a6 6. O-O Nc6 7. e3 Bd7 8. Nc3 Bd6 9. Qe2 b5 10. Rd1 O-O 11. e4 Be7 12. d5 exd5 13. e5 Ne4 14. Nxe4 dxe4 15. Ne1 Qe8 16. Qxe4 Rd8 17. Bd2 Nb8 18. Nc2 Bc6 19. Qg4 Bxg2 20. Bh6 Rxd1+ 21. Rxd1 g6 22. Bxf8 Bxf8 23. Kxg2 Qxe5 24. Nd4 Qd5+ 25. Qf3 Qxf3+ 26. Kxf3 c5 27. Nc2 Nc6 28. Ke4 Kg7 29. Rd7 b4 30. Ne3 b3 31. a4 Na5 32. Rd1 Be7 33. Kd5 c3 34. bxc3 Bf6 35. Nc4 Nb7 36. Nd6 Nxd6 37. Kxd6 Bxc3 38. Kxc5 b2 39. Kc4 Bf6 40. f3 h5 41. Kb4 Bd8 42. Kb3 Bf6 43. Kc2 a5 44. Rd5 Bc3 45. Rb5 1-0

[Event "CAN/Quebec op"]
[Site "Montreal CAN"]
[Date "2008.07.20"]
[Round "2"]
[White "Mohota, Nisha"]
[Black "Panjwani, Raja"]
[Result "1-0"]
[WhiteElo "2354"]
[BlackElo "2310"]
[PlyCount "113"]
[GameId "2160767910345186"]
[EventDate "2008.07.19"]
[EventType "swiss"]
[EventRounds "9"]
[EventCountry "CAN"]
[SourceTitle "CBM 125 Extra"]
[Source "ChessBase"]
[SourceDate "2008.09.01"]
[SourceVersion "1"]
[SourceVersionDate "2008.09.01"]
[SourceQuality "1"]

1. d4 Nf6 2. Nf3 d6 3. Nc3 Nbd7 4. e4 e5 5. Be2 Be7 6. O-O c6 7. Re1 h6 8. h3 O-O 9. Bf1 Re8 10. a4 a5 11. Be3 Qc7 12. d5 cxd5 13. exd5 Nh7 14. Nb5 Qd8 15. Ra3 b6 16. Rc3 Nc5 17. Bxc5 bxc5 18. Nxe5 Bf6 19. Nc6 Rxe1 20. Qxe1 Bxc3 21. bxc3 Qd7 22. Nc7 Bb7 23. Nxa8 Bxa8 24. Bb5 Bxc6 25. dxc6 Qd8 26. Bd3 Nf6 27. Qb1 Qc7 28. Qb7 Qxb7 29. cxb7 Nd7 30. Bc4 Kf8 31. Kf1 Ke7 32. Ke2 f6 33. Kd3 Kd8 34. Bb5 Ne5+ 35. Ke4 Kc7 36. Kf5 d5 37. f4 Nf7 38. b8=Q+ Kxb8 39. Ke6 Nd8+ 40. Kxd5 Kc7 41. f5 Nb7 42. Ke6 Nd6 43. Bd3 c4 44. Be2 Kc6 45. g4 Kc5 46. Bf3 Nc8 47. Kf7 Nb6 48. Kxg7 Nxa4 49. Kxf6 Nxc3 50. Kg6 Nb5 51. f6 Nd6 52. c3 a4 53. Be4 a3 54. Bb1 Kb5 55. f7 Nxf7 56. Kxf7 Ka4 57. Ba2 1-0

[Event "CAN/Quebec op"]
[Site "Montreal CAN"]
[Date "2008.07.20"]
[Round "2"]
[White "Nicula, Marius"]
[Black "Meera, Sai Ravi"]
[Result "1/2-1/2"]
[WhiteElo "2209"]
[BlackElo "2179"]
[PlyCount "31"]
[GameId "2160767910345189"]
[EventDate "2008.07.19"]
[EventType "swiss"]
[EventRounds "9"]
[EventCountry "CAN"]
[SourceTitle "CBM 125 Extra"]
[Source "ChessBase"]
[SourceDate "2008.09.01"]
[SourceVersion "1"]
[SourceVersionDate "2008.09.01"]
[SourceQuality "1"]

1. e4 c5 2. d3 Nc6 3. g3 d5 4. Nd2 Nf6 5. Bg2 g6 6. Ne2 Bg7 7. O-O O-O 8. c3 e5 9. h3 b6 10. Qa4 Bb7 11. f4 dxe4 12. Nxe4 Nh5 13. fxe5 Qxd3 14. Nf4 Nxf4 15. Bxf4 Qa6 16. Qxa6 1/2-1/2

[Event "CAN/Quebec op"]
[Site "Montreal CAN"]
[Date "2008.07.20"]
[Round "2"]
[White "Rathnakaran, Kantholi"]
[Black "Kovalyov, Anton"]
[Result "1/2-1/2"]
[WhiteElo "2453"]
[BlackElo "2548"]
[PlyCount "141"]
[GameId "2160767910345190"]
[EventDate "2008.07.19"]
[EventType "swiss"]
[EventRounds "9"]
[EventCountry "CAN"]

1. e4 c5 2. Nf3 d6 3. Bc4 Nd7 4. O-O a6 5. Be2 Ngf6 6. d3 g6 7. a4 b6 8. Nc3 Bg7 9. h3 Bb7 10. Be3 O-O 11. Qd2 e5 12. Bg5 Qc7 13. Nh2 d5 14. Bf3 d4 15. Ne2 Kh8 16. h4 Ng8 17. Qd1 f6 18. Bd2 f5 19. exf5 gxf5 20. Bxb7 Qxb7 21. Ng3 Ne7 22. Qf3 Qd5 23. Rfe1 Qe6 24. Re2 Ra7 25. c4 Qf7 26. Rae1 e4 27. Nxe4 Ne5 28. Qg3 fxe4 29. Rxe4 Nf5 30. Qh3 Ne3 31. Bxe3 dxe3 32. Qxe3 Nc6 33. Nf3 Nd4 34. Ng5 Qf5 35. Qg3 h6 36. Nh3 Raf7 37. Nf4 Kh7 38. h5 Qg5 39. Ng6 Rd8 40. Rg4 Qxh5 41. Nf4 Qf5 42. Nd5 Rdf8 43. f4 b5 44. axb5 axb5 45. Ne7 Qd7 46. Ng6 Re8 47. Ne5 Bxe5 48. fxe5 Rg7 49. Rxg7+ Qxg7 50. Qf4 bxc4 51. dxc4 Qg6 52. Re3 Rg8 53. Qf2 Rg7 54. Qd2 Rf7 55. Qd1 Qf5 56. Kh1 Re7 57. b4 Rxe5 58. Rxe5 Qxe5 59. bxc5 Qxc5 60. Qd3+ Kh8 61. Qg6 Qf8 62. Qe4 Qf1+ 63. Kh2 Qf6 64. Qe8+ Kg7 65. Qd7+ Kh8 66. Qe8+ Kh7 67. Qd7+ Qg7 68. Qd5 Qc7+ 69. g3 Qb6 70. Qf7+ Kh8 71. Qf8+ 1/2-1/2

[Event "CAN/Quebec op"]
[Site "Montreal CAN"]
[Date "2008.07.20"]
[Round "2"]
[White "Roussel-Roozmon, Thomas"]
[Black "Rozentalis, Eduardas"]
[Result "1/2-1/2"]
[WhiteElo "2486"]
[BlackElo "2599"]
[PlyCount "75"]
[GameId "2160767910345192"]
[EventDate "2008.07.19"]
[EventType "swiss"]
[EventRounds "9"]
[EventCountry "CAN"]
[SourceTitle "CBM 125 Extra"]
[Source "ChessBase"]
[SourceDate "2008.09.01"]
[SourceVersion "1"]
[SourceVersionDate "2008.09.01"]
[SourceQuality "1"]

1. Nf3 d5 2. d4 c6 3. c4 dxc4 4. a4 Nf6 5. Nc3 e6 6. e3 Bb4 7. Bxc4 O-O 8. O-O Nbd7 9. Qb3 a5 10. e4 Bxc3 11. bxc3 Nxe4 12. Ba3 Re8 13. Rfe1 Ndf6 14. Bd3 Nd6 15. Ne5 Qc7 16. c4 Nf5 17. Bc5 h6 18. Rab1 Nd7 19. Nxd7 Qxd7 20. Qc3 Nh4 21. Re3 b5 22. axb5 cxb5 23. Rxb5 Bb7 24. Rg3 f5 25. Rxa5 Rxa5 26. Qxa5 e5 27. d5 f4 28. Rh3 Nxg2 29. Kxg2 Qg4+ 30. Rg3 fxg3 31. hxg3 e4 32. Bf1 Re5 33. Be3 Rh5 34. Kg1 Qf3 35. Bg2 Qd1+ 36. Bf1 Qf3 37. Bg2 Qd1+ 38. Bf1 1/2-1/2

[Event "CAN/Quebec op"]
[Site "Montreal CAN"]
[Date "2008.07.20"]
[Round "2"]
[White "Sambuev, Bator"]
[Black "Istratescu, Andrei"]
[Result "0-1"]
[WhiteElo "2496"]
[BlackElo "2636"]
[PlyCount "84"]
[GameId "2160767910345193"]
[EventDate "2008.07.19"]
[EventType "swiss"]
[EventRounds "9"]
[EventCountry "CAN"]
[SourceTitle "CBM 125 Extra"]
[Source "ChessBase"]
[SourceDate "2008.09.01"]
[SourceVersion "1"]
[SourceVersionDate "2008.09.01"]
[SourceQuality "1"]

1. Nf3 Nf6 2. c4 e6 3. Nc3 d5 4. d4 dxc4 5. e3 a6 6. Bxc4 b5 7. Be2 Bb7 8. O-O Nbd7 9. a4 b4 10. Nb1 c5 11. Nbd2 Be7 12. a5 O-O 13. Nc4 Qc7 14. Bd3 Ng4 15. e4 f5 16. e5 cxd4 17. Re1 Rac8 18. Nxd4 Nc5 19. h3 Nxd3 20. Qxd3 Nxf2 21. Kxf2 Qxc4 22. Qxc4 Rxc4 23. Nxe6 Rfc8 24. Bg5 Kf7 25. Bxe7 Kxe6 26. Bd6 Rc2+ 27. Re2 b3 28. Rae1 f4 29. Bb4 Rxe2+ 30. Rxe2 Rc2 31. Rd2 Kxe5 32. g3 g5 33. gxf4+ gxf4 34. Ke2 Ke4 35. Be7 Bc8 36. Kd1 Ke3 37. Rd5 Bxh3 38. Bc5+ Ke4 39. Rd4+ Ke5 40. Bb6 Bg4+ 41. Ke1 h5 42. Rb4 h4 0-1

[Event "CAN/Quebec op"]
[Site "Montreal CAN"]
[Date "2008.07.20"]
[Round "2"]
[White "Thavandiran, Shiyam"]
[Black "Yuan, Yuanling"]
[Result "1-0"]
[WhiteElo "2288"]
[BlackElo "2146"]
[PlyCount "65"]
[GameId "2160767910345194"]
[EventDate "2008.07.19"]
[EventType "swiss"]
[EventRounds "9"]
[EventCountry "CAN"]
[SourceTitle "CBM 125 Extra"]
[Source "ChessBase"]
[SourceDate "2008.09.01"]
[SourceVersion "1"]
[SourceVersionDate "2008.09.01"]
[SourceQuality "1"]

1. e4 c5 2. Nc3 Nc6 3. Bb5 Nd4 4. Bc4 g6 5. Nf3 Bg7 6. Nxd4 cxd4 7. Qf3 Nf6 8. Nd5 Nxd5 9. Bxd5 O-O 10. O-O Qc7 11. Bb3 d6 12. d3 Bd7 13. Bg5 Rae8 14. Qg3 b5 15. Qh4 Bc6 16. f4 a5 17. a3 a4 18. Ba2 e6 19. Bf6 Kh8 20. Rf3 Bxf6 21. Qxf6+ Kg8 22. Qxd4 e5 23. fxe5 dxe5 24. Qc5 Qd7 25. Raf1 Re7 26. h4 Bb7 27. h5 Qd4+ 28. Qxd4 exd4 29. h6 Rc7 30. Rf6 Ba8 31. R1f2 Rd7 32. g4 Rb7 33. e5 1-0

[Event "CAN/Quebec op"]
[Site "Montreal CAN"]
[Date "2008.07.20"]
[Round "2"]
[White "Yoos, John"]
[Black "Tayar, Jonathan"]
[Result "0-1"]
[WhiteElo "2366"]
[BlackElo "2293"]
[PlyCount "80"]
[GameId "2160767910345195"]
[EventDate "2008.07.19"]
[EventType "swiss"]
[EventRounds "9"]
[EventCountry "CAN"]
[SourceTitle "CBM 125 Extra"]
[Source "ChessBase"]
[SourceDate "2008.09.01"]
[SourceVersion "1"]
[SourceVersionDate "2008.09.01"]
[SourceQuality "1"]

1. e4 c5 2. Nf3 d6 3. d4 Nf6 4. Nc3 cxd4 5. Nxd4 a6 6. Bg5 e6 7. Qd3 b5 8. f4 Nbd7 9. O-O-O b4 10. Nd5 Bb7 11. Re1 Qc8 12. Bxf6 gxf6 13. Qe2 exd5 14. exd5+ Kd8 15. Qe8+ Kc7 16. Qxf7 Kb6 17. Bd3 Nc5 18. Bc4 Qc7 19. Qh5 Rc8 20. b3 Qg7 21. Qf3 f5 22. Nxf5 Qa1+ 23. Kd2 Qf6 24. g4 h5 25. h3 hxg4 26. hxg4 Rxh1 27. Rxh1 Re8 28. Re1 Rxe1 29. Kxe1 Bc8 30. Ne3 Bh6 31. Ng2 Qa1+ 32. Ke2 Qd4 33. Bd3 a5 34. f5 Bb7 35. Qg3 Ne4 36. Bxe4 Qxe4+ 37. Ne3 Ba6+ 38. Kf2 Bf4 39. Qf3 Qd4 40. f6 Qd2+ 0-1

[Event "CAN/Quebec op"]
[Site "Montreal CAN"]
[Date "2008.07.21"]
[Round "3"]
[White "Arencibia Rodriguez, Walter"]
[Black "Karavade, Eesha"]
[Result "1-0"]
[WhiteElo "2536"]
[BlackElo "2297"]
[PlyCount "101"]
[GameId "2160767910345196"]
[EventDate "2008.07.19"]
[EventType "swiss"]
[EventRounds "9"]
[EventCountry "CAN"]
[SourceTitle "CBM 125 Extra"]
[Source "ChessBase"]
[SourceDate "2008.09.01"]
[SourceVersion "1"]
[SourceVersionDate "2008.09.01"]
[SourceQuality "1"]

1. e4 c5 2. Nf3 d6 3. d4 cxd4 4. Nxd4 Nf6 5. Nc3 a6 6. f3 e5 7. Nb3 Be6 8. Be3 Be7 9. Qd2 O-O 10. O-O-O Nbd7 11. g4 b5 12. Rg1 b4 13. Nd5 Bxd5 14. exd5 a5 15. g5 Nh5 16. Kb1 a4 17. Nc1 Qa5 18. Nd3 Rfb8 19. Rg4 f5 20. Rxb4 Qxd5 21. Rxb8+ Rxb8 22. Nb4 Qb7 23. Qd5+ Kf8 24. Bc4 Qxd5 25. Nxd5 Bd8 26. Nc3 Bb6 27. Bc1 a3 28. b3 Bc5 29. Na4 Nb6 30. Nxc5 dxc5 31. Bb5 Nf4 32. Bxa3 Ne6 33. Re1 e4 34. fxe4 f4 35. h4 Ke7 36. Be2 Nd7 37. Bb2 Rf8 38. Bg4 f3 39. Rf1 f2 40. Kc1 Rf4 41. Bxe6 Kxe6 42. Bxg7 Ne5 43. Bxe5 Kxe5 44. Kd2 Kxe4 45. Ke2 Rxh4 46. Rxf2 Rg4 47. Rh2 Kd4 48. Rxh7 Rg2+ 49. Kf3 Rxc2 50. g6 Rc1 51. g7 1-0

[Event "CAN/Quebec op"]
[Site "Montreal CAN"]
[Date "2008.07.21"]
[Round "3"]
[White "Arun Prasad, Subramanian"]
[Black "Kunte, Abhijit"]
[Result "1/2-1/2"]
[WhiteElo "2492"]
[BlackElo "2554"]
[PlyCount "22"]
[GameId "2160767910345197"]
[EventDate "2008.07.19"]
[EventType "swiss"]
[EventRounds "9"]
[EventCountry "CAN"]
[SourceTitle "CBM 125 Extra"]
[Source "ChessBase"]
[SourceDate "2008.09.01"]
[SourceVersion "1"]
[SourceVersionDate "2008.09.01"]
[SourceQuality "1"]

1. d4 d5 2. c4 c6 3. Nf3 Nf6 4. e3 Bg4 5. h3 Bxf3 6. Qxf3 e6 7. Nc3 Nbd7 8. Bd3 Bd6 9. O-O O-O 10. b3 Qe7 11. Bd2 Rfe8 1/2-1/2

[Event "CAN/Quebec op"]
[Site "Montreal CAN"]
[Date "2008.07.21"]
[Round "3"]
[White "Bartholomew, John"]
[Black "Kiran, Manisha Mohanty"]
[Result "1-0"]
[WhiteElo "2440"]
[BlackElo "2261"]
[PlyCount "85"]
[GameId "2160767910345198"]
[EventDate "2008.07.19"]
[EventType "swiss"]
[EventRounds "9"]
[EventCountry "CAN"]
[SourceTitle "CBM 125 Extra"]
[Source "ChessBase"]
[SourceDate "2008.09.01"]
[SourceVersion "1"]
[SourceVersionDate "2008.09.01"]
[SourceQuality "1"]

1. d4 Nf6 2. c4 g6 3. Nc3 d5 4. cxd5 Nxd5 5. e4 Nxc3 6. bxc3 Bg7 7. Bc4 c5 8. Ne2 Nc6 9. Be3 O-O 10. O-O Bd7 11. Rb1 Qc7 12. Bf4 Qc8 13. d5 Na5 14. Bd3 a6 15. Qd2 b5 16. Bh6 e6 17. Bxg7 Kxg7 18. c4 Nxc4 19. Bxc4 bxc4 20. Qc3+ f6 21. dxe6 Bxe6 22. Nf4 Kg8 23. Rb6 Qc7 24. Rxe6 Qxf4 25. Qxc4 Rf7 26. Qxc5 Kg7 27. g3 Qg4 28. Re7 Raf8 29. Re1 Rxe7 30. Qxe7+ Rf7 31. Qd6 Qc8 32. e5 fxe5 33. Qxe5+ Rf6 34. Qd4 Qf5 35. Re7+ Kg8 36. h4 a5 37. Qa7 Rf7 38. Rxf7 Qxf7 39. Qxa5 Qd7 40. a4 Qd1+ 41. Kg2 Qc2 42. Qa8+ Kg7 43. a5 1-0